• 首页
  • 本馆介绍
  • 公告通知
  • 最新文献
  • 馆藏检索
  • 电子资源
  • 读者导购
  • 参考咨询
  • 我的图书馆
  • 登录
  • 详细信息显示
  • 放入我的书架
  • 预约/预借图书
  • 作者相关作品
  • 分类相关作品
  • 丛书相关作品
  • 出版社相关作品

书目信息

  • 表格格式
  • 工作单格式
  • 卡片格式
题名:
中国革命史名词解释
    
 
作者: ;广西师院政治系中共党史教研室 编
分册:  
出版信息: 广西   广西师院  1980.04
页数: 215页
开本: 19cm
丛书名:
单 册:
中图分类: K201
科图分类:
主题词: 中国--通史
电子资源:
ISBN:
000 00593nam0 2200181 45
001 0404291528
005 20060511084436.07
010    @dCNY0.78
100    @a20040429d1980 km y0chiy0120 ea
101 0  @achi
200 1  @a中国革命史名词解释@AZhong Guo Ge Ming Shi Ming Ci Jie Shi@f广西师院政治系中共党史教研室编@FGuang Xi Shi Yuan Zheng Zhi Xi Zhong Gong Dang Shi Jiao Yan Shi Bian
210    @a广西@c广西师院@d1980.04
215    @a215页@d19cm
606 0  @a中国@x通史
690    @aK201@v3
711 02 @a广西师院政治系中共党史教研室@4编
801    @aCN@bPftUser@c20060511
905    @f1@b28488@dK201@e11
    
    中国革命史名词解释/广西师院政治系中共党史教研室编.-广西:广西师院,1980.04
    215页;19cm
    
    
    ISBN :CNY0.78
    
●
相关链接 在E读中查询图书 在五车中查询图书 在当当中查询图书 在豆瓣中查询图书


正题名:中国革命史名词解释     索取号:K201/11         预约/预借

序号 登录号 条形码 馆藏地/架位号 状态 备注
1 0028486   202320238   密集书库/ [索取号:K201/11] 在馆    
2 0028487   202174084   密集书库/ [索取号:K201/11] 在馆    
3 0028488   001237361   密集书库/ [索取号:K201/11] 在馆    
4 0028489   202132940   密集书库/ [索取号:K201/11] 在馆    
5 0028490   202320229   密集书库/ [索取号:K201/11] 在馆    
唐山师范学院图书馆 欢迎您!
大连网信软件有限公司© 版权所有